| 000 | 00759nam a2200193Ia 4500 | ||
|---|---|---|---|
| 003 | GCL | ||
| 008 | 140319s9999 xx 000 0 ara d | ||
| 040 |
_aGCL / _cGCL |
||
| 082 | 0 | 4 |
_a811.6 _bخ د |
| 100 | 1 | _aابن خفاجة : ابواسحاق ابراهيم بن ابى الفتح بن عبدالله الهوارى الاندلسى | |
| 245 | 1 | 0 |
_aديوان ابن خفاجة / _cابن خفاجة : ابواسحاق ابراهيم بن ابى الفتح بن عبدالله الهوارى الاندلسى |
| 700 | 1 | _aسيد غازى (تحقيق) | |
| 260 |
_a[S.N] : _bمنشاة المعارف الاسلامية |
||
| 300 | _a450 | ||
| 490 | _a | ||
| 650 | 0 | 4 | _aالادب العربى |
| 650 | 0 | 4 | _aدواوين وقصائد |
| 942 |
_2ddc _cBK |
||
| 999 |
_c32067 _d32067 |
||